000 00481nam a22001577a 4500
008 151209b xxu||||| |||| 00| 0 eng d
020 _a076742946
050 _aGV481 .F34 2003
100 _aFahey Thomas D
_dGV 481 .F34 2003
245 _aFit & Well/
_cThomas D Fahey
250 _a5th ed
260 _aNewyork,
_bMcGraw Hill
_c2003
300 _axx,410p,ill.:
_bincludes index
700 _aPaul M> Insel
942 _2ddc
_cBOOKS
_hGV 481 .F34 2003
999 _c10844
_d10844